000
00302nam a22001337a 4500
008
180920b xxu||||| |||| 00| 0 eng d
020
_a
9780131936324
041
_a
eng
080
_2
6th
_a
338
100
_a
53
101
_a
MEN
245
_a
Foodservice Organizations
_c
Gregoire,M,B
942
_2
udc
_c
BK
999
_c
48128
_d
48128